Statistics for Asian Geography by Letter - H

Click here to take the quiz!

General Stats

  • This quiz has been taken 20,857 times
    (12,231 since last reset)
  • The average score is 12 of 20

Answer Stats

Hint Answer % Correct
City struck by an atomic bombHiroshima
97%
Most common religion in IndiaHinduism
97%
Former British territory returned
to China in 1997
Hong Kong
97%
Capital of VietnamHanoi
95%
Tallest mountain range in the worldHimalayas
95%
Most-spoken language in IndiaHindi
88%
Israel's official languageHebrew
88%
Largest city in VietnamHo Chi Minh City
84%
Two of Japan's four main islandsHonshu
72%
Annual pilgrimage to MeccaHajj
71%
Two of Japan's four main islandsHokkaidō
67%
Name of a major city in India and
another in Pakistan
Hyderabad
44%
Chinese name for the Yellow River{Huang} He
40%
Largest city in northern IsraelHaifa
39%
China's largest islandHainan
35%
Narrow strait at the mouth of
the Persian Gulf
Strait of {Hormuz}
34%
Largest city in the West Bank;
Said to be where Abraham was buried
Hebron
21%
Biggest city in ManchuriaHarbin
21%
Religious complex in BeijingTemple of {Heaven}
16%
Third-biggest city in AfghanistanHerat
14%

Score Distribution

Percentile by Number Answered

Percent of People with Each Score

Your Score History

You have not taken this quiz since the last reset